| 000 | 00763cab a2200217 4500 | ||
|---|---|---|---|
| 001 | ABS38570 | ||
| 008 | 090401t1987 xxu||||| |||| 00| 0 eng d | ||
| 035 | _a(Sirsi) u11301 | ||
| 041 | _aeng | ||
| 100 | _aRose, G. M. | ||
| 245 | _aDevelopments in agricultural building codes | ||
| 260 | _c1987 | ||
| 350 | _a0 | ||
| 490 |
_aFarm Buildings and Engineering _v4(2) Autumn/Winter 1987, 29-30(2) |
||
| 520 | _aOutlines plans to reformat BS 5502 Code of practice for the design of buildings and other structures for agriculture, looking particularly at the revision of Section 1.2. Design, construction and loading by the new Part 22. | ||
| 650 | _aFARM BUILDINGS | ||
| 690 | _aRURAL PRACTICE | ||
| 700 | _aRogers, G.S. | ||
| 942 | _n0 | ||
| 948 | _c04/03/1997 | ||
| 999 |
_c7193 _d7193 |
||